Statistics for 找出官方地图上关于中国的错误Find out Places that Marked Incorrectly in Jetpunk Map

Click here to take the quiz!

General Stats

  • This quiz has been taken 1 617 times
  • The average score is 3 of 6

Answers on the Map

Answers color-coded by a green-red scale on the quiz's map according to % correct below.
 

Answer Stats

地区% Correct
藏南/林芝/墨脱/麦克马洪线
94%
台湾
80%
南海诸岛
45%
阿克塞钦/阿克赛钦/未定国界
44%
抚远三角洲/黑瞎子岛
42%
钓鱼岛及其附属岛屿
41%

Score Distribution

Percentile by Number Answered

Percent of People with Each Score

Your Score History

You have not taken this quiz